El político.
Gorde:
| Egile nagusia: | |
|---|---|
| Beste egile batzuk: | |
| Formatua: | Liburua |
| Hizkuntza: | gaztelania |
| Argitaratua: |
Madrid, España:
Centro de Estudios Constitucionales,
1981.
|
| Edizioa: | Segunda edición. |
| Saila: | Colección Clásicos Políticos.
|
| Gaiak: | |
| Etiketak: |
Etiketa erantsi
Etiketarik gabe, Izan zaitez lehena erregistro honi etiketa jartzen!
|
MARC
| LEADER | 00000nam a2200000 a 4500 | ||
|---|---|---|---|
| 001 | UCY6242 | ||
| 003 | CL-VaPUC | ||
| 005 | 20250313110307.0 | ||
| 008 | 950521e19810000SP |||||||||||||||||spa|d | ||
| 999 | |c 233821 |d 233819 | ||
| 020 | |a 84-259-0363-7 | ||
| 040 | |c Pontificia Universidad Católica de Valparaíso | ||
| 082 | 0 | 4 | |a 184 PLA 1981 |2 21 |
| 100 | 0 | |a Platón |e autor |9 222 | |
| 245 | 1 | 3 | |a El político. |
| 250 | |a Segunda edición. |b Edición bilingüe Griego-Español. | ||
| 260 | |a Madrid, España: |b Centro de Estudios Constitucionales, |c 1981. | ||
| 300 | |a XXXVI, 94 páginas. | ||
| 490 | 0 | |a Colección Clásicos Políticos. | |
| 500 | |a c.6 Donación Familia Prof. Alejandro Guzmán Brito. | ||
| 583 | |a last modification |c 19950521 00:00:00 |k Rodrigo Vera | ||
| 600 | 0 | |a Sócrates |9 266368 | |
| 650 | 0 | |a Filosofía |9 223554 | |
| 650 | 0 | |a Filosofía política |9 295215 | |
| 650 | 0 | |a Filosofía antigua |9 255705 | |
| 650 | 0 | |a Etica política |9 255799 | |
| 700 | 1 | |a González Laso, Antonio |e introducción |e texto crítico |e traducción |e notas |9 863746 | |
| 942 | |c BK |2 ddc |n 0 | ||
| 945 | |d 19950521 00:00:00 |a oaravena | ||
| 952 | |0 0 |1 0 |4 0 |6 184_000000000000000_PLA_1981 |7 0 |8 R |9 239583 |a BIBEDU |b BIBEDU |c MCIRC |d 2019-11-18 |i 1501984 |l 2 |o 184 PLA 1981 |p 1501984 |r 2023-07-27 |s 2023-07-25 |w 2019-11-18 |y BK_R |k FIL | ||
| 952 | |0 0 |1 0 |4 0 |6 184_000000000000000_PLA_1981 |7 0 |8 R |9 239584 |a BIBEDU |b BIBEDU |c MCIRC |d 2019-11-18 |i 1506374 |l 2 |o 184 PLA 1981 |p 1506374 |r 2023-07-03 |s 2023-06-29 |w 2019-11-18 |y BK_R |k FIL | ||
| 952 | |0 0 |1 0 |4 0 |6 184_000000000000000_PLA_1981 |7 0 |8 R |9 239585 |a BIBEDU |b BIBEDU |c MCIRC |d 2019-11-18 |i 1506366 |o 184 PLA 1981 |p 1506366 |r 2023-01-13 |w 2019-11-18 |y BK_R |k FIL | ||
| 952 | |0 0 |1 0 |4 0 |6 184_000000000000000_PLA_1981 |7 0 |8 R |9 239586 |a BIBEDU |b BIBEDU |c MCIRC |d 2019-11-18 |i 1506358 |o 184 PLA 1981 |p 1506358 |r 2023-01-13 |w 2019-11-18 |y BK_R |k FIL | ||
| 952 | |0 0 |1 0 |4 0 |6 184_000000000000000_PLA_1981 |7 0 |8 R |9 239587 |a BIBEDU |b BIBEDU |c MCIRC |d 2019-11-18 |i 1506404 |o 184 PLA 1981 |p 1506404 |r 2023-01-13 |w 2019-11-18 |y BK_R |k FIL | ||
| 952 | |0 0 |1 0 |2 ddc |4 0 |6 184_000000000000000_PLA_1981 |7 1 |8 C_AGB |9 580531 |a BIBDER |b BIBDER |d 2022-01-13 |e Donación |i 5638496 |o 184 PLA 1981 |p 5638496 |r 2023-01-25 |t 6 |w 2022-01-13 |y BK_US |k AGB | ||